• 首页
  • 本馆介绍
  • 公告通知
  • 最新文献
  • 馆藏检索
  • 电子资源
  • 读者导购
  • 参考咨询
  • 我的图书馆
  • 登录
  • 详细信息显示
  • 放入我的书架
  • 预约/预借图书
  • 作者相关作品
  • 分类相关作品
  • 丛书相关作品
  • 出版社相关作品

书目信息

  • 表格格式
  • 工作单格式
  • 卡片格式
题名:
中国古代标准化
    
 
作者: 翟光珠 著
分册:  
出版信息: 太原   山西人民出版社  1996
页数: 373页
开本: 20cm
丛书名:
单 册:
中图分类: G307.72
科图分类:
主题词: 标准化--中国--古代
电子资源:
ISBN: 7-203-03526-3
000 00612nam0 2200217 45
001 0197036604
005 20051107145154.51
010    @a7-203-03526-3@b精装@dCNY22.00
092    @aCN
100    @a19971030d1996 em y0chiy0121 ea
101 0  @achi@eeng
102    @aCN@b140000
105    @ay z 000yy
200 10 @a中国古代标准化@Azhong guo gu dai biao zhun hua@f翟光珠著@Fzhai guang zhu zhu
210    @a太原@c山西人民出版社@d1996
215    @a373页@d20cm
606    @a标准化@y中国@z古代
690    @aG307.72@v3
701  0 @a翟光珠@Azhai guang zhu@4著
801  0 @aCN@bTSSF@c20051107
905    @a10447@dG307.72@e3
    
    中国古代标准化/翟光珠著.-太原:山西人民出版社,1996
    373页;20cm
    
    
    ISBN 7-203-03526-3(精装):CNY22.00
    
●
相关链接 在E读中查询图书 在五车中查询图书 在当当中查询图书 在豆瓣中查询图书


正题名:中国古代标准化     索取号:G307.72/3         预约/预借

序号 登录号 条形码 馆藏地/架位号 状态 备注
1 0337780   203377808   第一样本阅览室/ [索取号:G307.72/3] 在馆    
2 0337781   203377817   第四借阅区/ [索取号:G307.72/3] 在馆    
3 0337782   203377826   第四借阅区/ [索取号:G307.72/3] 在馆    
4 0337783   203377835   第四借阅区/ [索取号:G307.72/3] 在馆    
唐山师范学院图书馆 欢迎您!
大连网信软件有限公司© 版权所有